000 00398nam a22001457a 4500
005 20250711115451.0
008 b
020 _a0195201922
050 _aBT 75
_b.2.W34
100 _aWAINWRIGHT, GEOFFREY
245 _aDOXOLOGY
_bThe Praise of God in Worship, Doctrine, and Life
_cGEOFFREY WAINWRIGHT
260 _aNEW YORK
_bOXFORD UNIVERSITY PRESS
_cc1980
300 _axi,; 609p.;
942 _2lcc
_cBK
_n0
999 _c6919
_d6919